[Event "Druzynowe Mistrzostwa Polski - II liga"]
[Site "Sypniewo k. Jastrowia"]
[Date "1899-12-30"]
[Round "6.46"]
[White "Kaim, Piotr"]
[Black "Szydelko, Michal"]
[Result "0-1"]
[WhiteTitle "m"]
[BlackTitle "I+"]
[WhiteElo "2166"]
[BlackElo "1754"]

1. e4 c5 2. Nf3 d6 3. d4 cxd4 4. Nxd4 Nf6 5. Nc3 a6 6. Bc4 Qc7 7. Bb3 e6 8. O-O
b5 9. f4 Bb7 10. f5 e5 11. Nf3 h6 12. Qe1 Nbd7 13. Kh1 Nc5 14. Nd5 Nxd5 15. Bxd5
Bxd5 16. exd5 Be7 17. Qg3 Ne4 18. Qe1 Nf6 19. c3 Qc4 20. Bd2 Qxd5 21. a4 Rb8 22.
axb5 axb5 23. Ra7 Ne4 24. Qe2 Bf6 25. Rd1 Qc6 26. Re1 d5 27. Be3 O-O 28. Nd2 Nxd2
29. Qxd2 Qc4 30. Ra6 b4 31. Rd6 bxc3 32. bxc3 Rfd8 33. Rxd8+ Rxd8 34. Rd1 Qg4
35. Rf1 Qe4 36. Bb6 Rb8 37. Qf2 Qc4 38. Ba7 Rc8 39. h3 Qxc3 40. Be3 Qd3 41. Qe1
d4 42. Bg1 e4 43. Qd1 Qxd1 44. Rxd1 e3 0-1

[Event "Druzynowe Mistrzostwa Polski - II liga"]
[Site "Sypniewo k. Jastrowia"]
[Date "1899-12-30"]
[Round "6.47"]
[White "Bartlomowicz, Jakub"]
[Black "Rams, Michal"]
[Result "1/2-1/2"]
[WhiteTitle "I"]
[BlackTitle "k+"]
[WhiteElo "1762"]
[BlackElo "2131"]

1. e4 c5 2. Nf3 e6 3. d4 cxd4 4. Nxd4 Nc6 5. Nc3 Qc7 6. Be2 a6 7. O-O Nf6 8. Be3
Be7 9. f4 d6 10. Kh1 O-O 11. Qe1 Nxd4 12. Bxd4 e5 13. Be3 Be6 14. Qg3 Rfc8 15.
f5 Bc4 16. Bxc4 Qxc4 17. Bg5 Kf8 18. Bxf6 Bxf6 19. Rfd1 Rc6 20. Rd3 b5 21. Qe1
a5 22. a3 b4 23. axb4 Qxb4 24. Rb1 Rac8 25. Qe3 h6 26. Nd5 Qc5 27. Qxc5 1/2-1/2

[Event "Druzynowe Mistrzostwa Polski - II liga"]
[Site "Sypniewo k. Jastrowia"]
[Date "1899-12-30"]
[Round "6.48"]
[White "Bednarska-bzdega, Malgorzata"]
[Black "Trusz, Julia"]
[Result "1/2-1/2"]
[WhiteTitle "WFM"]
[BlackTitle "I++"]
[WhiteElo "1946"]
[BlackElo "1659"]

1. e4 Nf6 2. e5 Nd5 3. d4 d6 4. c4 Nb6 5. exd6 exd6 6. Bd3 Be7 7. Ne2 Bg4 8. O-O
Nc6 9. Be3 Bh5 10. Nbc3 Bg6 11. Nd5 O-O 12. Nxe7+ Qxe7 13. b3 Rfe8 14. Nf4 Bxd3
15. Qxd3 Qe4 16. Rad1 Qxd3 17. Rxd3 Ne7 18. Bd2 d5 19. Re1 f6 20. c5 Nd7 21. Kf1
c6 22. g4 Ng6 23. Nh5 Rxe1+ 24. Kxe1 Re8+ 25. Kd1 Kf7 26. Ng3 Ne7 27. b4 Nf8 28.
a4 a6 29. Rb3 Ne6 30. Be3 g6 31. Ne2 Ra8 32. Kd2 Re8 33. Kd3 Kg7 34. Bf4 Nxf4+
35. Nxf4 Kf7 36. Rb1 Ng8 37. f3 Kg7 38. Ra1 Kf7 39. b5 Rb8 40. Ne2 Ne7 41. Nc3
Ke6 42. Re1+ Kd7 43. b6 Rd8 44. Ne2 Ke8 45. Nf4 Kf7 46. Ne2 Rh8 47. Ng3 Rd8 48.
h4 Rh8 49. h5 Re8 50. Rh1 Kg7 51. Re1 Kf7 52. Re2 Rg8 53. Rh2 Kg7 54. Ne2 Re8
55. Rh1 Ng8 56. Kd2 Ne7 57. Nc1 Rf8 58. Nb3 Rd8 59. Na5 Rd7 60. hxg6 hxg6 61.
Rb1 Kf7 62. Kc3 Kg8 63. Re1 Kf7 64. Nb3 Ng8 65. Nc1 Ne7 66. Nd3 Rd8 67. Nb4 Rh8
68. Kd3 Re8 69. Kd2 Rh8 70. Nd3 Re8 71. f4 Rh8 72. g5 Nf5 73. gxf6 Kxf6 74. Kc3
Rh3 75. Re8 Ng3 76. Rb8 Ne4+ 77. Kc2 Rh2+ 78. Kc1 Rh1+ 79. Kb2 Rh2+ 80. Kb1 Nc3+
81. Kc1 Na2+ 82. Kd1 Nc3+ 83. Ke1 Rh1+ 84. Kf2 Rh7 85. Ne5 Nxa4 86. Rg8 Kf5 87.
Kg3 Nc3 88. Rxg6 Ne2+ 89. Kf2 1/2-1/2

[Event "Druzynowe Mistrzostwa Polski - II liga"]
[Site "Sypniewo k. Jastrowia"]
[Date "1899-12-30"]
[Round "6.49"]
[White "Golenia, Jan"]
[Black "Nowak, Kamil"]
[Result "1/2-1/2"]
[WhiteTitle "I++"]
[BlackTitle "m"]
[WhiteElo "2122"]
[BlackElo "2318"]

1. d4 d5 2. c4 c6 3. Nf3 Nf6 4. Qc2 dxc4 5. Qxc4 Bf5 6. g3 e6 7. Bg2 Nbd7 8. O-O
Be7 9. Qb3 Qb6 10. Nbd2 O-O 11. Nc4 Qa6 12. Bf4 Nb6 13. Nd6 Bg6 14. a4 Nfd5 15.
Nxb7 Nxf4 16. gxf4 Nd5 17. Nc5 Bxc5 18. dxc5 Nxf4 19. Qe3 Nxg2 20. Kxg2 Rab8 21.
b3 Rfd8 22. Rfd1 Rd5 23. Rxd5 exd5 24. Nd4 1/2-1/2

[Event "Druzynowe Mistrzostwa Polski - II liga"]
[Site "Sypniewo k. Jastrowia"]
[Date "1899-12-30"]
[Round "6.50"]
[White "Daniel, Damian"]
[Black "Golenia, Wojciech"]
[Result "1-0"]
[WhiteTitle "CM"]
[BlackTitle "k"]
[WhiteElo "2165"]
[BlackElo "2049"]

1. d4 Nf6 2. Nf3 e6 3. g3 b6 4. Bg2 Bb7 5. O-O Be7 6. c4 O-O 7. Nc3 d5 8. cxd5
exd5 9. Bf4 c5 10. dxc5 bxc5 11. Ne5 Na6 12. Rc1 Nc7 13. Na4 Ne6 14. Be3 Rc8 15.
Nd3 Qa5 16. Naxc5 Bxc5 17. Bxc5 Rxc5 18. Rxc5 Nxc5 19. b4 Qxa2 20. bxc5 Ne4 21.
Qb1 Qa6 22. Qb2 Qc6 23. Ra1 Ba8 24. Qd4 Qc7 25. Rc1 Rc8 26. Nf4 Rd8 27. c6 Bxc6
28. Bxe4 dxe4 29. Rxc6 Rxd4 30. Rxc7 g6 31. Rxa7 Rb4 32. Kg2 Kg7 33. e3 Rc4 34.
g4 h6 35. h4 Kf6 36. Ra6+ Kg7 37. h5 gxh5 38. Nxh5+ Kh7 39. Rf6 Rc7 40. Rf4 Kg6
41. Ng3 1-0

[Event "Druzynowe Mistrzostwa Polski - II liga"]
[Site "Sypniewo k. Jastrowia"]
[Date "1899-12-30"]
[Round "6.51"]
[White "Krawczyk, Wojciech"]
[Black "Stankiewicz, Pawel"]
[Result "1/2-1/2"]
[WhiteTitle "I++"]
[BlackTitle "k"]
[WhiteElo "2049"]
[BlackElo "2104"]

1. c4 Nf6 2. Nc3 e6 3. Nf3 b6 4. g3 Bb7 5. Bg2 Be7 6. O-O O-O 7. Qc2 c5 8. d4 cxd4
9. Nxd4 Bxg2 10. Kxg2 d5 11. Rd1 Qc8 12. cxd5 Qb7 13. e4 exd5 14. e5 Ne4 15. Nxe4
dxe4 16. Re1 e3+ 17. f3 Nd7 18. Qc6 Qxc6 19. Nxc6 Bc5 20. Bxe3 Rfc8 21. Bxc5 Rxc6
22. Bd4 Rc2+ 23. Kg1 Rac8 24. Rad1 Nc5 25. Rc1 Ne6 26. Bc3 Rxc1 27. Rxc1 g5 28.
Rd1 Rc7 29. Rd2 Kg7 30. Kf2 Kg6 31. Ke3 h5 32. h3 Kf5 33. Rd6 Kg6 34. Rd1 Kf5
35. Rh1 Rc4 36. Kd3 Rc7 37. Re1 h4 38. gxh4 Nf4+ 39. Kc2 Ng2 40. Rg1 Nxh4 41.
Kd3 Ng6 42. Ke3 Nf4 43. Rd1 Ng6 44. Rd5 Nf4 45. Rd8 Nxh3 46. Rd6 g4 47. Rf6+ Kg5
48. fxg4 Kxg4 49. Ke4 Rd7 50. Rd6 Re7 51. Kd5 Nf4+ 52. Ke4 Ng6 53. Rf6 Kg5 54.
Rf1 Kh6 55. Kd5 Rd7+ 56. Kc6 Re7 57. Kd6 Re6+ 58. Kd5 Kg7 59. Rf6 Ne7+ 60. Kc4
a6 61. a4 Nc6 62. Kd5 Ne7+ 63. Kc4 Nc6 64. Rxe6 fxe6 65. a5 Nxa5+ 66. Bxa5 bxa5
67. Kc5 Kg6 68. Kd6 Kf5 69. b3 a4 70. bxa4 a5 71. Kc5 Kxe5 72. Kb5 Kd4 73. Kxa5
e5 74. Kb6 Kd5 1/2-1/2

[Event "Druzynowe Mistrzostwa Polski - II liga"]
[Site "Sypniewo k. Jastrowia"]
[Date "1899-12-30"]
[Round "6.52"]
[White "Borowski, Przemyslaw"]
[Black "Gawor, Jan Pawel"]
[Result "1-0"]
[WhiteTitle "I"]
[BlackTitle "I+"]
[WhiteElo "1863"]
[BlackElo "1890"]

1. d4 Nf6 2. c4 c5 3. d5 b5 4. cxb5 a6 5. bxa6 Bxa6 6. Nc3 g6 7. e4 Bxf1 8. Kxf1
d6 9. Nf3 Bg7 10. g3 Nbd7 11. Kg2 O-O 12. Qe2 Qb6 13. a4 Rfb8 14. Nb5 Ne8 15.
Bg5 Kf8 16. Nd2 Nc7 17. Nc4 Qb7 18. Nxc7 Qxc7 19. a5 Qb7 20. Rhb1 Qb5 21. Qc2
Ne5 22. b3 Qa6 23. Ra4 Nxc4 24. bxc4 Qa7 25. Ra3 Rxb1 26. Qxb1 Rb8 27. Rb3 Re8
28. Bd2 Bd4 29. Rb6 f6 30. Qb5 Kf7 31. Rb7 Qa8 32. a6 g5 33. a7 Rf8 34. Qb6 Qc8
35. Rb8 Qg4 36. Rxf8+ Kg7 37. Qb1 Qe2 38. Qe1 Qh5 39. a8=Q 1-0

[Event "Druzynowe Mistrzostwa Polski - II liga"]
[Site "Sypniewo k. Jastrowia"]
[Date "1899-12-30"]
[Round "6.53"]
[White "Wrona, Florian"]
[Black "Szmyd, Marek"]
[Result "0-1"]
[WhiteTitle "I+"]
[BlackTitle "k"]
[WhiteElo "1581"]
[BlackElo "1897"]

1. e4 c5 2. Nf3 Nc6 3. d4 cxd4 4. Nxd4 Nf6 5. Nc3 e5 6. Ndb5 d6 7. Bd3 a6 8. Na3
d5 9. exd5 Nxd5 10. Nxd5 Qxd5 11. O-O Bxa3 12. bxa3 Be6 13. c4 Qc5 14. Qc2 Nd4
15. Qa4+ Qc6 16. Qxc6+ bxc6 17. Bb2 O-O-O 18. Rfb1 f6 19. c5 Nf3+ 20. gxf3 Rxd3
21. Bc1 Bd5 22. Be3 Bxf3 23. Rb3 Rhd8 24. h4 f5 25. Bg5 Rd1+ 26. Rxd1 Rxd1+ 27.
Kh2 Bd5 28. Rc3 f4 29. f3 Kd7 30. h5 Rd2+ 31. Kg1 h6 32. Bh4 Rxa2 33. Be1 Rb2
34. Rd3 Ke6 35. a4 Kf5 36. a5 Rb3 37. Rxb3 Bxb3 38. Bc3 Bf7 39. Kf2 Bxh5 40. Kg2
Bf7 41. Kh3 Bd5 42. Kg2 g5 43. Kf2 h5 44. Bd2 h4 45. Be1 h3 46. Kg1 Bxf3 47. Kh2
g4 48. Bg3 fxg3+ 49. Kxg3 e4 50. Kh2 Kf4 51. Kg1 e3 52. Kh2 e2 0-1

[Event "Druzynowe Mistrzostwa Polski - II liga"]
[Site "Sypniewo k. Jastrowia"]
[Date "1899-12-30"]
[Round "6.54"]
[White "Czaplewska, Klara"]
[Black "Czarnecka, Lidia"]
[Result "0-1"]
[WhiteTitle "k+"]
[BlackTitle "k"]
[WhiteElo "1863"]
[BlackElo "1889"]

1. e4 c5 2. Nf3 e6 3. d4 cxd4 4. Nxd4 Nf6 5. Nc3 d6 6. Be2 a6 7. a4 Be7 8. O-O
O-O 9. Be3 Qc7 10. f4 Nbd7 11. Qe1 b6 12. Qg3 Kh8 13. Bf3 Bb7 14. Rfe1 Rad8 15.
Rad1 Qb8 16. Bc1 Qa8 17. e5 Ne8 18. Nd5 exd5 19. Nf5 dxe5 20. Nxe7 e4 21. Be2
Nc5 22. b3 Qb8 23. Bb2 f6 24. Bh5 Ne6 25. Rf1 Qd6 26. Ng6+ hxg6 27. Bxg6 Kg8 28.
Qh3 Rf7 29. Qh7+ Kf8 30. f5 Nc5 31. Bxf7 Kxf7 32. Bd4 Nd7 33. Rde1 Ne5 34. Re3
Ke7 35. Kh1 Kd7 36. Rc3 Rc8 37. Rxc8 Bxc8 38. Qg8 Ke7 39. Qh7 Bd7 40. Qh5 b5 41.
axb5 Bxb5 42. Rd1 Qc7 43. c3 Nd3 44. Qe2 Nd6 45. Qh5 Qd7 46. Rf1 Qe8 47. Qh7 Qf7
48. Qh8 Qf8 49. Qh7 Kd7 50. Be3 Kc6 51. Bd4 Qe7 52. Qh3 Qe8 53. Qe3 Qh5 54. Qg3
Qf7 55. Qg4 Qe7 56. Qg3 Kb7 57. Qe3 Qd7 58. g4 Ne5 59. Rg1 Nf3 60. Rd1 Qc7 61.
Qf2 Qc6 62. Bc5 Nf7 63. Qe3 N7e5 64. h3 Nd3 65. Bd4 Qc7 66. Qe2 Nf4 67. Qc2 Ne2
68. Bg1 Qg3 0-1

[Event "Druzynowe Mistrzostwa Polski - II liga"]
[Site "Sypniewo k. Jastrowia"]
[Date "1899-12-30"]
[Round "6.55"]
[White "Dixa, Oskar"]
[Black "Osinski, Emil"]
[Result "0-1"]
[WhiteTitle "k"]
[BlackTitle "k"]
[WhiteElo "1988"]
[BlackElo "2171"]

1. e4 c5 2. Nf3 Nc6 3. b3 e6 4. Bb2 a6 5. d4 cxd4 6. Nxd4 Nge7 7. Bd3 Ng6 8. Nxc6
dxc6 9. O-O e5 10. g3 Bh3 11. Re1 Bc5 12. Nd2 h5 13. Nc4 Qf6 14. Ne3 h4 15. Bf1
hxg3 16. hxg3 Bxf1 17. Rxf1 Qg5 18. Nf5 Rh3 19. Bxe5 Nxe5 20. Kg2 Rd8 21. Qe1
Rh2+ 22. Kg1 Nf3# 0-1

[Event "Druzynowe Mistrzostwa Polski - II liga"]
[Site "Sypniewo k. Jastrowia"]
[Date "1899-12-30"]
[Round "6.56"]
[White "Bes, Michal"]
[Black "Janiszewski, Filip"]
[Result "0-1"]
[WhiteTitle "k"]
[BlackTitle "I++"]
[WhiteElo "2130"]
[BlackElo "1983"]

1. e4 c5 2. Nf3 d6 3. d4 cxd4 4. Nxd4 Nf6 5. Nc3 a6 6. h3 e5 7. Nde2 h5 8. g3 Be7
9. Bg2 O-O 10. O-O b5 11. a4 b4 12. Nd5 Nxd5 13. Qxd5 Ra7 14. Be3 Be6 15. Qd1
Rb7 16. a5 Nc6 17. Bb6 Qd7 18. Qd3 Ra8 19. Kh2 Bd8 20. f4 Bxb6 21. axb6 Qd8 22.
f5 Bc8 23. h4 Qxb6 24. Qf3 Nd4 25. Nxd4 Qxd4 26. Qxh5 Qe3 27. Rf3 Qh6 28. Qxh6
gxh6 29. Bf1 Rc7 30. Bd3 a5 31. b3 Bd7 32. g4 a4 33. bxa4 Rxa4 34. Rb1 Rc3 35.
Rg3 Bc6 36. g5 h5 37. g6 d5 38. exd5 Bxd5 39. Rb2 Ra1 40. Rg1 Rxg1 41. Kxg1 b3
42. f6 fxg6 43. Kf2 e4 44. Rxb3 Bxb3 0-1

[Event "Druzynowe Mistrzostwa Polski - II liga"]
[Site "Sypniewo k. Jastrowia"]
[Date "1899-12-30"]
[Round "6.57"]
[White "Adamczewski, Jedrzej"]
[Black "Walentukiewicz, Michal"]
[Result "0-1"]
[WhiteTitle "I++"]
[BlackTitle "CM"]
[WhiteElo "1941"]
[BlackElo "2066"]

1. e4 c5 2. Nf3 g6 3. d4 Bg7 4. dxc5 Qa5+ 5. Bd2 Qxc5 6. Bc3 Nf6 7. Bd3 O-O 8.
O-O Nc6 9. Nbd2 d6 10. h3 b5 11. Nb3 Qb6 12. Nbd4 Nxd4 13. Bxd4 Qb7 14. e5 dxe5
15. Bxe5 Be6 16. Qe2 a6 17. Rfd1 Bd5 18. a4 b4 19. a5 e6 20. Kh2 Bxf3 21. Qxf3
Qxf3 22. gxf3 Ng4+ 23. fxg4 Bxe5+ 24. Kg2 Bxb2 25. Rab1 Bc3 26. Be2 Rfc8 27. Rd6
Rc5 28. Rxa6 Rxa6 29. Bxa6 Rxa5 30. Bc4 Kg7 31. Rd1 Rc5 32. Bb3 h5 33. Rd7 Kf6
34. Kg3 hxg4 35. hxg4 g5 36. Kf3 Re5 37. Rb7 Re1 38. Ba4 Rc1 39. Kg2 Be1 40. Kf3
Bc3 41. Kg2 Ra1 42. Bb3 Rd1 43. f3 Rd2+ 44. Kf1 Rd4 45. Ke2 Rf4 46. Rc7 Rd4 47.
Rb7 Rd8 48. Ke3 Rd2 49. Ba4 Rh2 50. Ke4 Rh8 51. Bb3 Ra8 52. Ke3 Ra5 53. Kd3 Ra1
54. Ke3 Kg6 55. Kf2 Rd1 56. Kg3 Re1 57. Kf2 Rd1 58. Ke2 Rd6 59. Re7 Rd2+ 60. Ke3
Rh2 61. Rb7 Bd2+ 62. Kd3 Rf2 63. Ba4 Bc1 64. Ke4 Re2+ 65. Kd4 Rd2+ 66. Ke4 f5+
67. Ke5 Re2+ 68. Kd4 Re3 69. Be8+ Kh6 70. Bc6 Rc3 71. Rc7 Be3+ 0-1

[Event "Druzynowe Mistrzostwa Polski - II liga"]
[Site "Sypniewo k. Jastrowia"]
[Date "1899-12-30"]
[Round "6.58"]
[White "Bienias, Piotr"]
[Black "Geraschenko, Dmitry"]
[Result "1-0"]
[WhiteTitle "I++"]
[BlackTitle "II+"]
[WhiteElo "1898"]
[BlackElo "1851"]

1. e4 e6 2. d4 d5 3. exd5 exd5 4. Bd3 c5 5. c3 Nc6 6. Nf3 c4 7. Bc2 Bd6 8. Bg5
Nge7 9. Nbd2 Bg4 10. h3 Bh5 11. Nf1 Qc7 12. Bxe7 Nxe7 13. Ba4+ Kf8 14. Ne3 f6
15. O-O g5 16. Re1 Bg6 17. Ng4 Kg7 18. Re6 Bf5 19. Qe2 Raf8 20. Re1 Ng6 21. Re8
h5 22. Rxf8 Rxf8 23. Ne3 Bd3 24. Nxd5 Qa5 25. Qe6 Qxa4 26. Qxd6 Qxa2 27. Nc7 Bf5
28. Ne8+ Kh6 29. Qc7 Rxe8 30. Rxe8 Qxb2 31. g3 Qb1+ 32. Ne1 h4 33. Qxc4 hxg3 34.
fxg3 Ne5 35. Qe2 Nd3 36. Kh2 Bg6 37. Re6 Nxe1 38. Qxe1 Qc2+ 39. Re2 Qd3 40. Rf2
f5 41. Qc1 f4 42. gxf4 Bf5 43. fxg5+ Kg6 44. Qf4 Qxh3+ 45. Kg1 Qd3 46. Qh4 Kg7
47. Qh6+ Kg8 48. g6 Qg3+ 49. Rg2 Qe3+ 50. Qxe3 Bc8 1-0

[Event "Druzynowe Mistrzostwa Polski - II liga"]
[Site "Sypniewo k. Jastrowia"]
[Date "1899-12-30"]
[Round "6.59"]
[White "Grzegorski, Michal"]
[Black "Kowalczyk, Wojciech"]
[Result "1-0"]
[WhiteTitle "I"]
[BlackTitle "I"]
[WhiteElo "1752"]
[BlackElo "1893"]

1. e4 c5 2. Nf3 d6 3. d4 cxd4 4. Nxd4 Nf6 5. f3 Nc6 6. c4 g6 7. Be3 Bg7 8. Nc3
O-O 9. Qd2 Nxd4 10. Bxd4 Bd7 11. Be2 Bc6 12. O-O Nd7 13. Be3 a5 14. b3 Nc5 15.
Rab1 Be5 16. a3 b6 17. b4 Nd7 18. Bd4 Bxd4+ 19. Qxd4 axb4 20. axb4 Ra3 21. f4
Qa8 22. Nd5 Bxd5 23. cxd5 Qa4 24. e5 Ra2 25. Bc4 Ra3 26. Rfe1 b5 27. Bd3 Rb8 28.
e6 fxe6 29. Rxe6 Kf7 30. Qe4 Qa7+ 31. Kh1 Nf6 32. Qf3 Qd4 33. Bxg6+ hxg6 34. Qxa3
Nxd5 35. Rbe1 Re8 36. Qb3 Qc4 37. Qh3 Kg7 38. Qg3 Qc2 39. Qg5 Qf5 40. Qxf5 gxf5
41. Rxd6 Nxb4 42. Rd7 Kf6 43. Re5 e6 44. Rd6 Kf7 45. Rxb5 Nd5 46. g3 Rc8 47. Rb7+
Kf6 48. h4 Rc2 49. Rdd7 Kg6 50. Rh7 e5 51. h5+ Kf6 52. Rh6# 1-0

[Event "Druzynowe Mistrzostwa Polski - II liga"]
[Site "Sypniewo k. Jastrowia"]
[Date "1899-12-30"]
[Round "6.60"]
[White "Smietanska, Wiktoria"]
[Black "Barwinska, Ewa"]
[Result "0-1"]
[WhiteTitle "CM"]
[BlackTitle "I++"]
[WhiteElo "1726"]
[BlackElo "1826"]

1. c4 c6 2. Nf3 d5 3. e3 Nf6 4. b3 Bf5 5. Bb2 e6 6. Nc3 Be7 7. Be2 h6 8. O-O O-O
9. d4 Nbd7 10. Re1 Ne4 11. Bd3 Ndf6 12. Qc2 Nxc3 13. Bxc3 Bxd3 14. Qxd3 Ne4 15.
Bb2 f5 16. Ne5 Bd6 17. f3 Ng5 18. Rad1 Nf7 19. Nxf7 Rxf7 20. e4 fxe4 21. fxe4
Qh4 22. g3 Qh5 23. e5 Raf8 24. Rf1 Rf3 25. Rxf3 Rxf3 26. Qc2 Be7 27. cxd5 Bg5
28. Bc1 Rc3 29. Qxc3 Qxd1+ 30. Kf2 Qxc1 31. Qb4 Qd2+ 32. Qxd2 Bxd2 33. Ke2 Bb4
34. d6 Kf7 35. Kd3 Ke8 36. Kc4 a5 37. g4 Kd7 38. h4 b5+ 39. Kd3 c5 40. dxc5 Bxc5
41. Ke4 Bxd6 42. exd6 Kxd6 43. g5 hxg5 44. hxg5 g6 45. Kd4 e5+ 46. Ke4 Ke6 47.
Ke3 Kf5 0-1

[Event "Druzynowe Mistrzostwa Polski - II liga"]
[Site "Sypniewo k. Jastrowia"]
[Date "1899-12-30"]
[Round "6.61"]
[White "Piotrowski, Przemyslaw"]
[Black "Bilczewski, Kacper"]
[Result "1-0"]
[WhiteTitle "FM"]
[BlackTitle "k+"]
[WhiteElo "2256"]
[BlackElo "2112"]

1. e4 e6 2. d4 d5 3. e5 c5 4. c3 Nc6 5. Nf3 Bd7 6. a3 Rc8 7. b4 cxd4 8. cxd4 Nge7
9. Bb2 Nf5 10. Nc3 Be7 11. Rc1 O-O 12. h4 f6 13. g4 Nfxd4 14. Nxd4 fxe5 15. Nxc6
Bxc6 16. Bg2 Bxh4 17. O-O a6 18. Ne2 Qg5 19. Ng3 Rf4 20. Qe2 e4 21. a4 Bxg3 22.
fxg3 Rxf1+ 23. Bxf1 d4 24. Rc5 Qd8 25. Qc4 Qd6 26. Kh2 Rf8 27. Bg2 Rf2 28. Qxd4
Qxd4 29. Bxd4 Rd2 30. Be3 Rb2 31. Rc4 Bxa4 32. Rc8+ Kf7 33. Rc7+ Ke8 34. Rxb7
Bb5 35. Kh3 Rxb4 36. Rxg7 Rb3 37. Bg5 e3 38. Re7+ Kf8 39. Rxe6 e2 40. Bd5 Rd3
41. Ba2 Rf3 42. Bh6+ Kf7 43. Rxe2+ Kg6 44. Re6+ Rf6 45. Bb1+ Kf7 46. Rxf6+ Kxf6
47. Bxh7 Bd7 48. Kh4 a5 49. g5+ Kf7 50. g6+ Kf6 51. g7 1-0

[Event "Druzynowe Mistrzostwa Polski - II liga"]
[Site "Sypniewo k. Jastrowia"]
[Date "1899-12-30"]
[Round "6.62"]
[White "Panek, Bartosz"]
[Black "Szczepaniak, Lukasz"]
[Result "1/2-1/2"]
[WhiteTitle "I++"]
[BlackTitle "k++"]
[WhiteElo "2082"]
[BlackElo "2202"]

1. e4 e5 2. Nf3 Nc6 3. Bc4 Bc5 4. c3 Nf6 5. d4 exd4 6. cxd4 Bb4+ 7. Nbd2 d5 8.
exd5 Nxd5 9. O-O O-O 10. a3 Bxd2 11. Bxd2 Bg4 12. h3 Bh5 13. g4 Bg6 14. Re1 Qd6
15. Ne5 Nb6 16. Ba2 Nxd4 17. Bc3 Rad8 18. Bxd4 Qxd4 19. Qxd4 Rxd4 20. Nxg6 hxg6
21. Re7 Nd5 22. Rd7 c6 23. Bxd5 Rxd5 24. Rxb7 a5 25. Rc1 Rb5 26. Rxb5 cxb5 27.
Rc5 Rb8 28. b4 axb4 29. axb4 f6 30. f4 Rd8 31. Rxb5 Rd2 32. Rb7 Rd4 33. b5 1/2-1/2

[Event "Druzynowe Mistrzostwa Polski - II liga"]
[Site "Sypniewo k. Jastrowia"]
[Date "1899-12-30"]
[Round "6.63"]
[White "Dzikowski, Michal"]
[Black "Radecki, Adam"]
[Result "0-1"]
[WhiteTitle "k"]
[BlackTitle "I+"]
[WhiteElo "2120"]
[BlackElo "2028"]

1. d4 Nf6 2. Bf4 d6 3. e3 Nbd7 4. Nf3 g6 5. Be2 Bg7 6. h3 O-O 7. O-O c5 8. c3 b6
9. a4 Bb7 10. Na3 a6 11. Rb1 Rc8 12. Bh2 Ne4 13. Nd2 Nxd2 14. Qxd2 Nf6 15. Rfd1
Qd7 16. Ra1 Ne4 17. Qe1 cxd4 18. exd4 Qxa4 19. Bd3 Qc6 20. Bxe4 Qxe4 21. Qxe4
Bxe4 22. Re1 d5 23. f3 Bf5 24. Rxe7 b5 25. Be5 Bh6 26. g4 Bd3 27. Bg3 Rce8 28.
Rxe8 Rxe8 29. f4 Re2 30. g5 Bg7 31. b4 Be4 32. Bf2 Bf8 33. Kf1 Rb2 34. h4 Bd6
35. Be3 Kg7 36. Re1 Rb3 37. Ra1 Rxc3 38. Kf2 Rb3 39. Bd2 Bxb4 0-1

[Event "Druzynowe Mistrzostwa Polski - II liga"]
[Site "Sypniewo k. Jastrowia"]
[Date "1899-12-30"]
[Round "6.64"]
[White "Samborski, Henryk"]
[Black "Zareba, Radoslaw"]
[Result "0-1"]
[WhiteTitle "k"]
[BlackTitle "k"]
[WhiteElo "2052"]
[BlackElo "2102"]

1. c4 Nf6 2. Nf3 g6 3. g3 Bg7 4. Bg2 O-O 5. d4 c5 6. O-O cxd4 7. Nxd4 Nc6 8. Nc3
Nxd4 9. Qxd4 d6 10. Qd2 Qb6 11. b3 Bd7 12. Bb2 a5 13. Rab1 Bc6 14. e4 Qb4 15.
Qc1 Rfc8 16. Nb5 a4 17. e5 dxe5 18. Ba3 Qa5 19. Bxc6 bxc6 20. b4 Qa6 21. Nc3 Qxc4
22. Re1 Nd5 23. Ne4 Qxc1 24. Rexc1 f5 25. Nc5 e4 26. Rc2 Kf7 27. Rbc1 Bd4 28.
Rc4 e5 29. Kf1 Ne7 30. R1c2 Ra7 31. Bc1 Rd8 32. Ke2 Rd5 33. a3 Nc8 34. Ra2 Nd6
35. Rcc2 Nb5 36. Bd2 Bxc5 37. Rxc5 Rxc5 38. bxc5 Rd7 0-1

[Event "Druzynowe Mistrzostwa Polski - II liga"]
[Site "Sypniewo k. Jastrowia"]
[Date "1899-12-30"]
[Round "6.65"]
[White "Suliborski, Jakub"]
[Black "Lamza, Zenon"]
[Result "0-1"]
[WhiteTitle "k"]
[BlackTitle "k"]
[WhiteElo "2159"]
[BlackElo "2178"]

1. e4 g6 2. d4 Bg7 3. Nc3 c6 4. Be3 d5 5. f3 dxe4 6. fxe4 Nf6 7. Nf3 O-O 8. Qd2
Qa5 9. Bc4 b5 10. Bd3 Ng4 11. Bg5 e5 12. d5 b4 13. Ne2 cxd5 14. Be7 Nc6 15. Bxf8
Bxf8 16. Nc1 Bh6 17. Qe2 dxe4 18. Bxe4 Ba6 19. Nd3 b3+ 20. c3 Rd8 21. h3 Nf6 22.
Bxc6 Rxd3 23. O-O Re3 24. Qf2 Bxf1 25. Rxf1 bxa2 26. b4 Qb6 27. Nd4 Rxc3 28. Qxf6
Qxd4+ 29. Kh1 Bf4 30. Be8 Qd5 31. Rxf4 Rxh3+ 32. Kg1 a1=Q+ 33. Rf1 Qdd4+ 0-1

[Event "Druzynowe Mistrzostwa Polski - II liga"]
[Site "Sypniewo k. Jastrowia"]
[Date "1899-12-30"]
[Round "6.66"]
[White "Bugaj, Hanna"]
[Black "Zdziarska-zareba, Lidia"]
[Result "0-1"]
[WhiteTitle "I++"]
[BlackTitle "k+"]
[WhiteElo "1755"]
[BlackElo "1848"]

1. d4 Nf6 2. Nc3 d5 3. Bf4 c6 4. e3 g6 5. Nf3 Bg7 6. Bd3 Nbd7 7. O-O O-O 8. Ne2
Ne4 9. Ne5 Nxe5 10. Bxe5 Bxe5 11. dxe5 Nc5 12. Nd4 Nxd3 13. cxd3 c5 14. Nf3 b6
15. Qa4 Bf5 16. Rad1 Qd7 17. Qh4 Kg7 18. h3 h6 19. Nh2 Be6 20. f4 f5 21. exf6+
exf6 22. e4 Qd6 23. Ng4 Bxg4 24. Qxg4 f5 25. Qf3 fxe4 26. dxe4 d4 27. e5 Qe6 28.
b3 Rae8 29. Rde1 Rf7 30. g4 Ref8 31. Qg3 Kh7 32. Rf2 Rg8 33. Kh2 b5 34. Ref1 c4
35. Qf3 d3 36. Qe4 Re7 37. Re1 Rge8 38. bxc4 bxc4 39. Rc1 Rc8 40. Kg3 Rc5 41.
h4 Qd5 42. Qxd5 Rxd5 43. Rd2 Rd4 44. Kf3 Rf7 45. Ke3 Rfxf4 46. Rf2 Rde4+ 0-1

[Event "Druzynowe Mistrzostwa Polski - II liga"]
[Site "Sypniewo k. Jastrowia"]
[Date "1899-12-30"]
[Round "6.67"]
[White "Simon, Marek"]
[Black "Mickiewicz, Piotr"]
[Result "0-1"]
[WhiteTitle "I+"]
[BlackTitle "m"]
[WhiteElo "1849"]
[BlackElo "2308"]

1. d4 Nf6 2. c4 e6 3. Nf3 d5 4. Nc3 c6 5. cxd5 exd5 6. Bg5 Be7 7. e3 Bf5 8. Qb3
Qb6 9. Qxb6 axb6 10. Ne5 b5 11. Bd3 Bxd3 12. Nxd3 Nbd7 13. Ke2 Ne4 14. Bf4 Nxc3+
15. bxc3 Ra3 16. Rhb1 O-O 17. Rb3 Rfa8 18. Rxa3 Rxa3 19. Kd2 Nb6 20. Nb2 b4 21.
cxb4 Bxb4+ 22. Kc2 Nc4 23. Nxc4 dxc4 24. e4 Rc3+ 25. Kd1 Rd3+ 26. Kc2 Rxd4 27.
Rb1 Rxe4 28. Be3 c3 29. a3 Bxa3 30. Rxb7 h5 31. Kxc3 Bd6 32. h3 Re6 33. g4 hxg4
34. hxg4 Be7 35. Kd3 f6 36. Rc7 Kf8 37. Kc4 Re4+ 38. Kd3 Re6 39. Kc4 Ke8 40. Kd3
Kd8 41. Ra7 Re5 42. Bb6+ Ke8 43. Bd4 Rd5 44. Ke4 g6 45. Be3 f5+ 46. Kf3 Kf7 47.
gxf5 Rxf5+ 48. Ke4 Ke6 49. Rc7 Kd6 50. Ra7 Rb5 51. Ra1 Rb4+ 52. Kd3 Rg4 53. Ra2
Kd5 54. Ra7 Bd6 55. Ke2 c5 56. Kf3 Rg1 57. Ra4 Be5 58. Ra8 Bd4 59. Ra4 Bxe3 60.
fxe3 Kc6 61. e4 Kb5 62. Ra2 Re1 63. Rg2 c4 64. Rxg6 c3 65. Rg8 c2 66. Rb8+ Ka6
67. Rc8 c1=Q 68. Rxc1 Rxc1 69. Kf4 Kb7 70. Kf5 Re1 71. e5 Kc6 72. Ke6 Re2 0-1

[Event "Druzynowe Mistrzostwa Polski - II liga"]
[Site "Sypniewo k. Jastrowia"]
[Date "1899-12-30"]
[Round "6.68"]
[White "Mazurkiewicz, Michal"]
[Black "Tomczak, Michal"]
[Result "1/2-1/2"]
[WhiteTitle "CM"]
[BlackTitle "I++"]
[WhiteElo "2193"]
[BlackElo "1930"]

1. e4 d5 2. exd5 Nf6 3. Nf3 Qxd5 4. Nc3 Qh5 5. d4 Bg4 6. Be2 Nc6 7. Be3 O-O-O 8.
Qc1 e5 9. dxe5 Nxe5 10. Nxe5 Qxe5 11. Bd3 Bd6 12. h3 Bd7 13. Qd2 Bc6 14. O-O-O
Qa5 15. a3 Bxg2 16. Rhg1 Bxh3 17. Rg5 Be5 18. Nb5 Qxd2+ 19. Rxd2 a6 20. Na7+ Kb8
21. Rxe5 Ng4 22. Rh5 Nxe3 23. Rxh3 Nd5 24. Rxh7 Nf4 25. Rxg7 Rh1+ 26. Rd1 Nxd3+
27. cxd3 Rxd1+ 28. Kxd1 Rxd3+ 29. Ke2 Rb3 30. Rxf7 Rxb2+ 31. Ke3 Rb3+ 32. Ke4
Rxa3 33. f4 Rb3 34. f5 Rb1 35. Rd7 Rf1 36. Ke5 Re1+ 37. Kd5 Rf1 38. Ke6 c5 39.
Rd5 c4 40. Rc5 Kxa7 41. Rxc4 b5 42. Re4 a5 43. f6 b4 44. Re5 Kb6 45. Rf5 Rxf5
46. Kxf5 b3 47. f7 b2 48. f8=Q b1=Q+ 49. Ke5 Qb4 50. Qb8+ Kc5 51. Qc7+ Kb5 52.
Qd7+ Kc4 53. Qd5+ Kc3 54. Qf3+ Kb2 55. Qe2+ Ka3 56. Qd3+ Qb3 57. Qd6+ Ka2 58.
Kf5 a4 59. Kg4 Qc4+ 60. Kh5 a3 61. Qd2+ Kb3 62. Qd1+ Kb4 63. Qb1+ Kc5 64. Qg1+
Kb5 65. Qb1+ Qb4 66. Qf1+ Ka5 67. Qf7 Qc5+ 68. Kh4 Kb4 69. Qb7+ Ka5 70. Qa8+ Kb5
71. Qb7+ Kc4 72. Qf7+ Kc3 73. Qf3+ Kb2 74. Qe2+ Qc2 75. Qb5+ Qb3 76. Qe2+ Kc1
77. Qe1+ Kb2 78. Qe2+ Qc2 79. Qb5+ Qb3 80. Qe2+ Kc3 81. Qe1+ Kd4 82. Qd2+ Qd3
83. Qb4+ Ke3 84. Qe1+ Kf3 85. Qg3+ Ke4 86. Qg6+ Kd4 87. Qd6+ Kc3 88. Qxa3+ Kd2
89. Qxd3+ 1/2-1/2